000 00536nam a2200181Ia 4500
008 151018s9999 xx 000 0 und d
082 _bRBASDV37290
_a891.468
100 _aकलंदर
245 _aआणखी कानोकानी
250 _b1
260 _bरोहन प्रकाशन पुणे
_c2003
300 _a168
600 _aकलंदर
630 _aआणखी कानोकानी
700 _aकलंदर
730 _aआणखी कानोकानी
942 _cBOOK
999 _c1036732
_d1036729